Đêm hoa quỳnh nở Tập truyện ngắn

v.v...

Đã lưu trong:
Chi tiết thư mục
Tác giả chính: Hữu Phương
Định dạng: Sách
Năm xuất bản: H. Thanh niên 1996
Chủ đề:
Tags: Thêm thẻ
Không có thẻ, Hãy là người đầu tiên gắn thẻ bản ghi này!
LEADER 01011nam a2200193 4500
082 |a 895.922334  |b H566PH 
100 |a Hữu Phương 
245 |a Đêm hoa quỳnh nở  |c Hữu Phương  |b Tập truyện ngắn 
260 |a H.  |b Thanh niên  |c 1996 
300 |a 163 tr.  |c 19 cm. 
520 |a v.v... 
653 |a Văn học hiện đại 
653 |a Việt Nam 
653 |a Truyện ngắn  
942 |2 ddc  |c STK0 
999 |c 2844  |d 2844 
952 |0 0  |1 0  |2 ddc  |4 0  |6 895_922334000000000_H566PH  |7 0  |8 800  |9 33522  |a qbu  |b qbu  |c D5  |d 2014-12-15  |g 30000  |o 895.922334 H566PH  |p 981.c1  |r 0000-00-00  |w 2014-12-15  |y STK0  |0 0  |6 895_922334000000000_H566PH 
952 |0 0  |1 0  |2 ddc  |4 0  |6 895_922334000000000_H566PH  |7 0  |8 800  |9 33523  |a qbu  |b qbu  |c D5  |d 2014-12-15  |g 30000  |l 1  |o 895.922334 H566PH  |p 981.c2  |r 2017-02-15  |s 2017-02-13  |w 2014-12-15  |y STK0  |0 0  |6 895_922334000000000_H566PH 
952 |0 0  |1 0  |2 ddc  |4 0  |6 895_922334000000000_H566PH  |7 0  |8 800  |9 33524  |a qbu  |b qbu  |c D5  |d 2014-12-15  |g 30000  |o 895.922334 H566PH  |p 981.c3  |r 0000-00-00  |w 2014-12-15  |y STK0  |0 0  |6 895_922334000000000_H566PH